000 00752nam a22002057a 4500
003 OSt
005 20241130093804.0
008 241130b |||||||| |||| 00| 0 eng d
020 _a9780406851154
040 _cCentral University Library
245 _aThe All England Law Reports 1976 Vol. 2
_cEditors: R N G Harrison BA; Reidy Flynn
260 _aLondon, United Kingdom
_bButterworth & Co. (Publishers) Ltd.
_c1976
300 _axlvii, 1056 pages
_c23.5 cm
490 _3Law Reports
500 _aTHE ALL ENGLAND LAW REPORTS - 1976 VOLUME 2.
600 _2Law Reports
_xEngland
700 _aR N G Harrison BA (of Lincoln's Inn, Barrister)
_eEditor
700 _aReidy Flynn (of the Inner Temple, Barrister)
_eAssistant Editor
942 _2lcc
_cBK
_n0
999 _c1805
_d1805